Applied microbiology / (رقم التسجيلة. 31030)
[ عرض عادي ]
| 000 -الفاتح | |
|---|---|
| حقل البيانات ثابتة الطول | 00517nam a22001817a 4500 |
| 008 - عناصر البيانات ثابتة الطول - معلومات عامة | |
| حقل البيانات ثابتة الطول | 080703t xxu||||| |||| 00| 0 eng d |
| 010 ## - رقم ضبط مكتبة الكونجرس | |
| رقم ضبط مكتبة الكونجرس | ENG-90444 |
| 020 ## - الرقم الدولى المعيارى للكتب | |
| الرقم الدولى المعيارى للكتاب | 8180940144 |
| شروط الاتاحة | 460.00 |
| 035 ## - رقم ضبط النظام | |
| رقم ضبط النظام | EN-73977 |
| 040 ## - مصدر الفهرسة | |
| وكالة الفهرسة الأصلية | DPL |
| لغة الفهرسة | EN |
| 082 ## - رقم تصنيف ديوى العشرى | |
| رقم التصنيف | 660.62 |
| 100 ## - المدخل الرئيسى - إسم شخصى | |
| الإسم الشخصى | Moshrafuddin Ahmed |
| 245 ## - بيان العنوان | |
| العنوان | Applied microbiology / |
| بيان المسئوليه,etc | by Moshrafuddin Ahmed [and] S. K. Basumatary |
| 260 ## - PUBLICATION, DISTRIBUTION, ETC. (IMPRINT) | |
| مكان الناشر او الموزع | Chennai |
| اسم الناشر او الموزع | MJP Publishers |
| تاريخ النشر أو التوزيع | 2006 |
| 300 ## - الوصف المادى | |
| التعداد | xviii, 664p. |
| أبعاد الوعاء | 23 cm. (Pbk) |
| 500 ## - تبصرة عامة | |
| تبصرة عامة | Includes index |
| 700 ## - المدخل الاضافى - اسم شخصى | |
| الإسم الشخصى | basumatary, S. K. |
لا توجد مواد متاحة.
